000 00704nam a2200217Ia 4500
005 20230310152021.0
008 210716s2011 xx 000 0 und d
020 _a978007133719
040 _cAIMIT LIBRARY
041 _aeng
082 _a658.1599
_23
_bMOOI
100 _aMoosa, Imad A.
_974983
245 _aInternational finance :
_bAnalytical approach /
_cBy Imad A Moosa.
250 _a3rd ed.
260 _aNew Delhi :
_bTata McGraw Hill Education Private Limited ,
_c2011.
300 _axv,560p. ;
_bPB
_c24.5 cm
650 _aThe foreign exchange
_974984
650 _aExchange rate derterninatiom
_974985
650 _aInternational arbitrae
_974986
942 _2ddc
_cBK
_e3rd
_k658.1599 MOOI
999 _c209203
_d209203